<?xml version="1.0" encoding="UTF-8"?><?xml-stylesheet type="text/xsl" href="static/style.xsl"?><OAI-PMH xmlns="http://www.openarchives.org/OAI/2.0/" xmlns:xsi="http://www.w3.org/2001/XMLSchema-instance" xsi:schemaLocation="http://www.openarchives.org/OAI/2.0/ http://www.openarchives.org/OAI/2.0/OAI-PMH.xsd"><responseDate>2026-04-17T05:48:12Z</responseDate><request verb="GetRecord" identifier="oai:www.recercat.cat:10230/28055" metadataPrefix="marc">https://recercat.cat/oai/request</request><GetRecord><record><header><identifier>oai:recercat.cat:10230/28055</identifier><datestamp>2025-12-23T20:52:56Z</datestamp><setSpec>com_2072_6</setSpec><setSpec>col_2072_452954</setSpec></header><metadata><record xmlns="http://www.loc.gov/MARC21/slim" xmlns:dcterms="http://purl.org/dc/terms/" xmlns:xsi="http://www.w3.org/2001/XMLSchema-instance" xmlns:doc="http://www.lyncode.com/xoai" xsi:schemaLocation="http://www.loc.gov/MARC21/slim http://www.loc.gov/standards/marcxml/schema/MARC21slim.xsd">
   <leader>00925njm 22002777a 4500</leader>
   <datafield ind2=" " ind1=" " tag="042">
      <subfield code="a">dc</subfield>
   </datafield>
   <datafield ind2=" " ind1=" " tag="720">
      <subfield code="a">Febrer Camprubi, Núria</subfield>
      <subfield code="e">author</subfield>
   </datafield>
   <datafield ind2=" " ind1=" " tag="260">
      <subfield code="c">2017-02-03T13:29:49Z</subfield>
   </datafield>
   <datafield ind2=" " ind1=" " tag="260">
      <subfield code="c">2017-02-03T13:29:49Z</subfield>
   </datafield>
   <datafield ind2=" " ind1=" " tag="260">
      <subfield code="c">2016</subfield>
   </datafield>
   <datafield ind2=" " ind1=" " tag="520">
      <subfield code="a">Treball de fi de grau en Llengües Aplicades</subfield>
   </datafield>
   <datafield ind2=" " ind1=" " tag="520">
      <subfield code="a">A few years ago, the Spanish Government undertook an initiative towards Spanish language teaching abroad that gave birth to the Institutos Bilingües (Bilingual Institutes) and Secciones Bilingües (Bilingual Sections) programmes. Their main goals are to promote Spanish language and culture, as well as strengthen the cooperation between Spain and other countries. Five school centres in Russia have taken part in this project since 2001, four of them in Moscow and one in St. Petersburg. Based on the assumption that these centres lack Spanish as a foreign language (ELE) teaching resources, this dissertation aims to improve quality and diversity in ELE lessons on the Secciones Bilingües of Moscow by adjusting the resources to its curriculum. To do so, we undertook a needs analysis of the linguistic and logistical resources used in the Moscow centres. As we expected, there are resource needs in the Moscow centres, which lack or do not totally use the resources available to achieve the Secciones Bilingües’ curriculum goals. Thus, we have elaborated a proposal for improvements of the ELE education resources in the four centres.</subfield>
   </datafield>
   <datafield ind2="0" ind1="0" tag="245">
      <subfield code="a">Anàlisi de necessitats dels recursos lingüístics i logístics per a l’ensenyament d’ELE/nen les Seccions Bilingües de Moscou</subfield>
   </datafield>
</record></metadata></record></GetRecord></OAI-PMH>